000 00526nam a2200181Ia 4500
999 _c16783
_d16783
003 OSt
005 20200606120005.0
008 190216s9999||||xx |||||||||||||| ||und||
020 _a8190429744
040 _cMESKC library
082 _a294.503
_bSHA/P
100 _aSharma, Virendra
_9311
245 0 _aPoranik Shabdgatha Kosh /
_cVirendra Sharma
260 _bBhartiya Pustak Parishad,
_c2008.
_aNew Delhi:
300 _a352p
650 _aHindi
942 _cBK
_2ddc
_h294.503
_iSHA/P
_k294.503
_mSHA/P